1712 1538 1436 1932 1200 1153 1935 1041 1608 1205 1024 1024 1898 1365 1492 1678 1347 1332 1099 1199 1337 1208 1797 1692 1480 1190 1292 1696 1868 1637 1267 1563 1530 1397 1160 1930 1949 1770 1388 1149 1359 1372 1554 1842 1128 1781 1792 1009 1239 1951 1002 1898 1017 1696 1128 1274 1184 1138 1714 1159 1457 1238 1283 1570 1654 1923 1400 1607 1486 1825 1147 1100 1745 1069 1218 1301 1167 1925 1788 1974 1014 1097 1715 1833 1007 1815 1756 1487 1155 1960 1784 1049 1801 1402 1468 1029 1271 1899 1833 BCNSPRNW ULIB Ver.6.0+V

เปลี่ยนเป็นภาษาไทย

Change to English
 แสดงรายละเอียดบรรณานุกรม
  กลับหน้าหลัก

Brief Record : Get Marc (ISO 2709) : E-mail record : QR code < ปิดหน้าต่าง
LEADER : 00000nam 2200000uu 4500
001    13399115229
003     ULIB
008    120801s2553||||th 000 0 tha d
020    ^a9786165082167
050  4 ^aBF1708.8.T5^bพ111ห 2553
100 0  ^aพ. สุวรรณ
245 10 ^aมงคลชีวิตประจำวันเกิด /^cโดย พ. สุวรรณ
250    ^aพิมพ์ครั้งที่ 1
260    ^aกรุงเทพฯ :^bแสงดาว,^c2553
300    ^a375 หน้า :^bภาพประกอบ ;^c21 ซม.
650  4 ^aพยากรณ์
650  4 ^aโหราศาสตร์
945    ^p210^l0^i19161
995    ^aกัณชพร
999    ^aใช้งานได้ทุกระบบ
รายการนี้ยังไม่มีแท็ก
คุณยังไม่ได้ล็อกอิน คุณสามารถมีกิจกรรมร่วมกับเว็บไซต์ได้ แต่ต้องล็อกอินก่อน ::
  ล็อกอิน

รายการสื่อสารสนเทศ

ลำดับที่ ประเภท เลขเรียก/บาร์โค้ด สถานที่ สถานะ
- ไม่พบข้อมูล -

รายการใกล้เคียง
    ผู้แต่ง [พ. สุวรรณ]

    หัวเรื่อง [พยากรณ์]
    หัวเรื่อง [โหราศาสตร์]

BibComment


ยังไม่เคยถูกคอมเมนท์

คอมเมนท์ทรัพยากรรายการนี้
  คอมเมนท์: มงคลชีวิตประจำวั..


 Copyright 2026. Bcnsprnw @Library